MARC details
| 000 -CABECERA |
| campo de control de longitud fija |
03725nam a2200301 4500 |
| 003 - IDENTIFICADOR DEL NÚMERO DE CONTROL |
| campo de control |
EC-UNACH |
| 005 - FECHA Y HORA DE LA ÚLTIMA TRANSACCIÓN |
| campo de control |
20260312152257.0 |
| 006 - CÓDIGOS DE INFORMACIÓN DE LONGITUD FIJA--CARACTERÍSTICAS DEL MATERIAL ADICIONAL |
| campo de control de longitud fija |
s||||gr|||| 00| 00 |
| 008 - DATOS DE LONGITUD FIJA--INFORMACIÓN GENERAL |
| campo de control de longitud fija |
150116t9999 mx r gr 000 0 spa d |
| 020 ## - NÚMERO INTERNACIONAL ESTÁNDAR DEL LIBRO |
| Número Internacional Estándar del Libro |
978-9942-835-33-8 |
| 040 ## - FUENTE DE LA CATALOGACIÓN |
| Centro catalogador/agencia de origen |
EC-UNACH |
| Centro/agencia transcriptor |
EC-UNACH |
| 041 ## - CÓDIGO DE LENGUA |
| Código de lengua del texto/banda sonora o título independiente |
spa |
| 082 04 - NÚMERO DE LA CLASIFICACIÓN DECIMAL DEWEY |
| Número de edición |
23 |
| Número de clasificación |
536.7 |
| Número de documento/Ítem |
L015087 |
| 100 ## - ENTRADA PRINCIPAL--NOMBRE DE PERSONA |
| Nombre de persona |
García, Victor / Márquez, Carmen / Recalde Moreno, Celso |
| 245 ## - MENCIÓN DE TÍTULO |
| Título |
Comportamiento térmico de la materia: Termodinámica |
| 250 ## - MENCIÓN DE EDICIÓN |
| Mención de edición |
Primera Edición |
| 264 ## - Producción, publicación, distribución, fabricación y copyright |
| Lugar de producción, publicación, distribución, fabricación |
Riobamba - Ecuador |
| Nombre del de productor, editor, distribuidor, fabricante |
Universidad Nacional de Chimborazo |
| Fecha de de producción, publicación, distribución, fabricación o copyright |
2020 |
| 264 ## - Producción, publicación, distribución, fabricación y copyright |
| Nombre del de productor, editor, distribuidor, fabricante |
Producción UNACH |
| 300 ## - DESCRIPCIÓN FÍSICA |
| Extensión |
167 páginas |
| Otras características físicas |
gráficos, tablas |
| 500 ## - NOTA GENERAL |
| Nota general |
La termodinámica comprende el estudio de la temperatura, energía, trabajo, entropía y conceptos macroscópicos relacionados con estos entre sí. En esta obra, se discuten maneras de pensar acerca de los sistemas macroscópicos e introduciremos los conceptos básicos de la termodinámica. Debido a que, el modo de pensar es diferente al usual, respecto a los sistemas microscópicos, a muchos estudiantes de Termodinámica, se les dificulta aplicar los principios abstractos de la Termodinámica en problemas concretos.<br/>De hecho, la transcendencia del tema se debe a su simplicidad, que se manifiesta, cuando percibimos que pocas teorías avanzan sistemáticamente, hasta convertirse en un método riguroso para describir el comportamiento de la materia en una manera que está desprovista de teorías que son independientes del tiempo.<br/>El propósito es coadyuvar el desarrollo de un proceso de enseñanza, a través de la conceptualización de un amplio rango de ideas y conceptos de la termodinámica. Se espera que los estudiantes de las carreras de ingeniería y los lectores en general logren un entendimiento más preciso y profundo, de los conceptos e ideas fundamentales de la termodinámica.<br/>Para lograr el objetivo anterior, la obra está dividida en 9 capítulos. En el capítulo I se contextualiza como una de las teorías de la física más robustas. Se desarrollan las ideas fundamentales para un manejo operacional y funcional de la termodinámica. Luego en los capítulos II, III, IV y V se desarrollan la Ley Cero, primera, segunda y tercera Ley de la Termodinámica, como principios fundamentales de la naturaleza. En los capítulos VI, VII, VIII, se desarrollan aplicaciones de la termodinámica. Finalmente en el capítulo IX, se introduce la<br/>idea de exergía.<br/>En los capítulos se discuten ideas y experimentos fundamentales que conducen a una mejor comprensión de los conceptos e ideas. Se desarrollan y presentan en un escenario de aprendizaje que permite contrastar, clarificar y valorar el nivel de conceptualización. El propósito fundamental, es que los lectores logren un entendimiento más preciso y profundo de la temperatura, energía, trabajo, entropía y conceptos macroscópicos relacionados con estos. |
| 505 ## - NOTA DE CONTENIDO CON FORMATO |
| Nota de contenido con formato |
INDICE GENERAL<br/>CAPÍTULO I: Conceptos generales de la Termodinámica.-- CAPÍTULO II: Ley Cero de la termodinámica.--CAPÍTULO III: Primera Ley de la termodinámica.-- CAPÍTULO IV: Segunda ley de la termodinámica.-- CAPÍTULO V: Tercera ley de la termodinámica.-- CAPÍTULO VI: Termodinámica de un sistema fluido.-- CAPÍTULO VII: Termodinámica de un sistema magnético.-- CAPÍTULO VIII: Otras aplicaciones de la termodinámica.-- CAPÍTULO IX: Energía. |
| 856 ## - LOCALIZACIÓN Y ACCESO ELECTRÓNICOS |
| Identificador Uniforme del Recurso |
<a href="https://editorial.unach.edu.ec/index.php/Editorial/catalog/book/89">https://editorial.unach.edu.ec/index.php/Editorial/catalog/book/89</a> |
| Texto de enlace |
Libro Digital - Comportamiento térmico de la materia: Termodinámica |
| 942 ## - ELEMENTOS DE PUNTO DE ACCESO ADICIONAL (KOHA) |
| Fuente del sistema de clasificación o colocación |
Clasificación Decimal Dewey |
| Tipo de ítem Koha |
Libros |
| 999 ## - NÚMEROS DE CONTROL DE SISTEMA (KOHA) |
| Koha biblionumber |
11583 |